00323nam a2200121Ia 4500008004100000082001000041100001600051245003800067600001000105630003800115700001000153730003800163090122s9999 xx 000 0 und d b10066 aTwainbMark aThe Adventure of Huckleberry Finn aTwain aThe Adventure of Huckleberry Finn aTwain aThe Adventure of Huckleberry Finn